India through questions and answers / (Record no. 41948)

MARC details
000 -LEADER
fixed length control field 00920nam a22002777a 4500
005 - DATE AND TIME OF LATEST TRANSACTION
control field 20100814095637.0
010 ## - LCCN (DPL NO)
LC control number ENG-100443
020 ## - INTERNATIONAL STANDARD BOOK NUMBER
Terms of availability 1995.00
International Standard Book Number 8187471190(v.1)
020 ## - INTERNATIONAL STANDARD BOOK NUMBER
Terms of availability 1995.00
International Standard Book Number 8187471212(set)
035 ## - SYSTEM CONTROL NUMBER
System control number EN-83976
037 ## - SOURCE OF ACQUISITION
Stock number DBAD/PUB
082 ## - DEWEY DECIMAL CLASSIFICATION NUMBER
Classification number 954
100 ## - MAIN ENTRY--PERSONAL NAME
Personal name Sahajwala, P. C.
245 ## - TITLE STATEMENT
Title India through questions and answers /
Remainder of title by P. C. Sahajwala
260 ## - PUBLICATION, DISTRIBUTION, ETC. (IMPRINT)
Place of publication, distribution, etc New Delhi
Name of publisher, distributor, etc Standard Publishers
Date of publication, distribution, etc 2006
270 ## - ADDRESS
Address G-126/2, Street No. 26, Rajapur Main Road, Uttam Nagar
City New Delhi
Postal code 110059
300 ## - PHYSICAL DESCRIPTION
Extent v.1. xxxii, 365 p.
Dimensions 22cm (Hb)
500 ## - GENERAL NOTE
General note Includes bibliographical references
650 ## - SUBJECT ADDED ENTRY--TOPICAL TERM
Geographic subdivision Cricet
650 ## - SUBJECT ADDED ENTRY--TOPICAL TERM
Geographic subdivision Motion pictures
650 ## - SUBJECT ADDED ENTRY--TOPICAL TERM
Geographic subdivision Religion
700 ## - ADDED ENTRY--PERSONAL NAME
9 (RLIN) 12834
700 ## - ADDED ENTRY--PERSONAL NAME
9 (RLIN) 13135
942 ## - ADDED ENTRY ELEMENTS (KOHA)
Source of classification or shelving scheme Dewey Decimal Classification
Item type English Books
Classification part 954
Call number suffix SAH
Holdings
Withdrawn status Lost status Not for loan Collection code Home library Current library Date acquired Cost, normal purchase price Full call number Barcode Copy number Cost, replacement price Koha item type
      Non-fiction D.B.Act.Division D.B.Act.Division 14/08/2010 1995.00 954 SAH EN-83976 1 1995.00 English Books

© Delhi Public Library
Hit Counter
free hit counter